000 00717nam a2200289Ia 4500
005 20260324112300.0
008 008 260324s9999 xx 000 0 eng d
020 _a9781003265825
037 _aEBOOK
040 _aCRL
040 _beng
040 _cCRL
041 _2eng
041 _aeng
084 _qCRL
100 _aC.A. Tsakiridou
_91142046
245 4 _aThe Orthodox Icon and Postmodern Art
245 0 _bCritical Reflections on the Christian Image and its Theology
260 _bTaylor and Francis
260 _c2024
365 _a
365 _b230
856 _uhttp://www.taylorfrancis.com/books/9781003265825
942 _cEBOOK
999 _c1731195
_d1731195